Spaanse steden met kaart - Statistieken

Algemene statistieken
  • Deze quiz is 3.165 keer genomen
  • De gemiddelde score is 8 van 15
Antwoorden op de kaart
Antwoorden kleurgecodeerd door een groen-rode schaal op de quizkaart volgens % correct hieronder.
 
Antwoordstatistieken
Antwoord % Correct
Barcelona
88%
Madrid
88%
Palma de Mallorca
74%
Bilbao
69%
Valencia
66%
Las Palmas
65%
Sevilla
62%
Málaga
57%
Ceuta
47%
A Coruña
45%
Zaragoza
40%
Pamplona
38%
Murcia
33%
Valladolid
32%
Mérida
29%
Geen overeenkomende quizzen gevonden
Scoreverdeling
Procent van Mensen met Elke Score
Percentiel versus Aantal Correcte Antwoorden
Uw Scoregeschiedenis
U heeft deze quiz nog niet genomen